[Event "EST-ch"]
[Site "Tallinn"]
[Date "2021.12.11"]
[Round "1"]
[White "Timoshin, Andrei"]
[Black "Andrijashkin, Deniss"]
[Result "1-0"]
[WhiteElo "2150"]
[BlackElo "2036"]
[PlyCount "145"]
[EventDate "2021.12.11"]
[EventType "tourn"]
[EventRounds "9"]
[EventCountry "EST"]
[SourceTitle "CBM 205 Extra"]
[Source "ChessBase"]
[SourceDate "2022.01.31"]
[SourceVersion "1"]
[SourceVersionDate "2022.01.31"]
[SourceQuality "1"]

1. e4 e6 2. d4 d5 3. Nd2 dxe4 4. Nxe4 Nd7 5. Nf3 Ngf6 6. Nxf6+ Nxf6 7. Bd3 c5 8. 0-0 cxd4 9. Nxd4 Bc5 10. Nb3 Bd6 11. Bg5 h6 12. Bb5+ Bd7 13. Bxd7+ Qxd7 14. Bxf6 gxf6 15. Qf3 Qc7 16. h3 f5 17. Rad1 0-0-0 18. c4 Be5 19. Qe2 Rhg8 20. Rxd8+ Rxd8 21. c5 Bf4 22. Qc4 Bh2+ 23. Kh1 Be5 24. Qe2 Bf4 25. Qf3 Be5 26. Qe2 Bf6 27. Rc1 Qe5 28. Qb5 Bg5 29. Na5 Qd5 30. Rc3 Bf4 31. Rd3 Qe4 32. Rxd8+ Kxd8 33. Qf1 Bc7 34. Nc4 Qd4 35. b4 Qf4 36. g3 Qf3+ 37. Kg1 h5 38. Qe1 f4 39. Ne5 Bxe5 40. Qxe5 fxg3 41. Qd6+ Kc8 42. fxg3 Qe3+ 43. Kf1 Qf3+ 44. Ke1 Qc3+ 45. Ke2 Qc2+ 46. Ke3 Qc3+ 47. Kf4 Qf6+ 48. Ke4 Qf5+ 49. Ke3 e5 50. Qe7 f6 51. h4 Qg6 52. Qe6+ Kc7 53. Qd6+ Kc8 54. Kd2 Qxg3 55. Qxf6 Kc7 56. Qe7+ Kc6 57. Qe8+ Kd5 58. Qf7+ Kd4 59. Qd7+ Kc4 60. Qf7+ Kxb4 61. Qxb7+ Kxc5 62. Qxa7+ Kd5 63. Qb7+ Kd6 64. Qa6+ Ke7 65. Qb7+ Kf6 66. Qc6+ Kf5 67. Qd7+ Ke4 68. Qh7+ Kd4 69. Qa7+ Ke4 70. Qa4+ Kf5 71. Qc2+ Kf4 72. Qc4+ Kf5 73. Qd3+ 1-0

[Event "Chigorin Memorial 28th"]
[Site "St Petersburg"]
[Date "2021.10.29"]
[Round "7"]
[White "Isanzhulov, Arystan"]
[Black "Andrijashkin, Deniss"]
[Result "1-0"]
[WhiteElo "2303"]
[BlackElo "2095"]
[PlyCount "63"]
[EventDate "2021.10.23"]
[EventType "swiss"]
[EventRounds "9"]
[EventCountry "RUS"]
[SourceTitle "EXT 2023"]
[Source "ChessBase"]
[SourceDate "2022.10.05"]
[SourceVersion "1"]
[SourceVersionDate "2022.10.05"]
[SourceQuality "1"]

1. Nf3 g6 2. e4 Bg7 3. d4 d6 4. Bc4 e6 5. Bb3 Ne7 6. 0-0 Nd7 7. Nbd2 b6 8. Re1 Bb7 9. c3 0-0 10. Nf1 c5 11. Ng3 Nf6 12. Bc2 Nc6 13. Bf4 cxd4 14. cxd4 Nb4 15. Bb1 Re8 16. a3 Nc6 17. Ba2 e5 18. dxe5 dxe5 19. Be3 Qxd1 20. Raxd1 Rad8 21. b4 Rxd1 22. Rxd1 Rd8 23. Rc1 Ne8 24. h4 Nd6 25. Bd5 Rc8 26. Rd1 Kf8 27. h5 Ke7 28. Ng5 h6 29. Nxf7 Nxf7 30. Bxf7 Kxf7 31. Rd7+ Kf6 32. Rxb7 1-0

[Event "Chigorin Memorial 28th"]
[Site "St Petersburg"]
[Date "2021.10.25"]
[Round "3"]
[White "Paltusov, Sergei"]
[Black "Andrijashkin, Deniss"]
[Result "0-1"]
[WhiteElo "1798"]
[BlackElo "2095"]
[PlyCount "62"]
[EventDate "2021.10.23"]
[EventType "swiss"]
[EventRounds "9"]
[EventCountry "RUS"]
[SourceTitle "EXT 2023"]
[Source "ChessBase"]
[SourceDate "2022.10.05"]
[SourceVersion "1"]
[SourceVersionDate "2022.10.05"]
[SourceQuality "1"]

1. e4 e5 2. Nf3 Nc6 3. Bb5 Nge7 4. c3 g6 5. h4 h6 6. d4 exd4 7. cxd4 a6 8. Bc4 b5 9. Bb3 Bg7 10. Nc3 d6 11. d5 Na5 12. Be3 Nxb3 13. Qxb3 c5 14. dxc6 Nxc6 15. Rd1 Be6 16. Nd5 0-0 17. Nd4 Nxd4 18. Bxd4 Bxd4 19. Rxd4 Rc8 20. Ke2 Kg7 21. Rhd1 Qxh4 22. Qe3 Rfe8 23. f3 Qg3 24. Qf2 Qg5 25. b3 Rc2+ 26. R1d2 Rxd2+ 27. Rxd2 Bxd5 28. Qd4+ Re5 29. Kf2 Be6 30. g3 Qf6 31. f4 Rh5 0-1

[Event "Chigorin Memorial 28th"]
[Site "St Petersburg"]
[Date "2021.10.24"]
[Round "2"]
[White "Andrijashkin, Deniss"]
[Black "Chervyakova, Tatiana"]
[Result "1-0"]
[WhiteElo "2095"]
[BlackElo "1630"]
[PlyCount "73"]
[EventDate "2021.10.23"]
[EventType "swiss"]
[EventRounds "9"]
[EventCountry "RUS"]
[SourceTitle "EXT 2023"]
[Source "ChessBase"]
[SourceDate "2022.10.05"]
[SourceVersion "1"]
[SourceVersionDate "2022.10.05"]
[SourceQuality "1"]

1. g3 d5 2. Bg2 e5 3. d3 g6 4. Nd2 Bg7 5. e4 d4 6. Ngf3 Ne7 7. 0-0 0-0 8. Nc4 b5 9. Ncd2 f6 10. a4 b4 11. Nc4 a5 12. Nfd2 Be6 13. f4 Nd7 14. Nf3 Bxc4 15. dxc4 Nc5 16. Ne1 Qd7 17. b3 Rad8 18. Nd3 Nxd3 19. Qxd3 Nc6 20. Bd2 Qd6 21. Bh3 Nb8 22. fxe5 fxe5 23. c5 Qxc5 24. Be6+ Kh8 25. Bg5 Rde8 26. Bf7 Rc8 27. Qb5 Qc3 28. Qd5 h6 29. Be7 c6 30. Qe6 Qe3+ 31. Rf2 Qxe4 32. Bxf8 Rxf8 33. Bxg6 Qe3 34. Raf1 Rf6 35. Qe8+ Rf8 36. Qe7 Rf6 37. Bd3 1-0

[Event "Chigorin Memorial 28th"]
[Site "St Petersburg"]
[Date "2021.10.23"]
[Round "1"]
[White "Lezin, Aleksandr"]
[Black "Andrijashkin, Deniss"]
[Result "1-0"]
[WhiteElo "1477"]
[BlackElo "2095"]
[PlyCount "67"]
[EventDate "2021.10.23"]
[EventType "swiss"]
[EventRounds "9"]
[EventCountry "RUS"]
[SourceTitle "EXT 2023"]
[Source "ChessBase"]
[SourceDate "2022.10.05"]
[SourceVersion "1"]
[SourceVersionDate "2022.10.05"]
[SourceQuality "1"]

1. e4 e6 2. d4 d5 3. Nd2 Be7 4. e5 c5 5. c3 Nc6 6. Ngf3 Qb6 7. Nb3 cxd4 8. Nbxd4 f6 9. Nxc6 bxc6 10. Bd3 Ba6 11. Be3 Qb7 12. Bc2 Qxb2 13. Bd2 Qb6 14. Nd4 Bc5 15. Rb1 Qc7 16. Qh5+ Qf7 17. Nxe6 Qxh5 18. Nxg7+ Kf7 19. Nxh5 fxe5 20. Be3 d4 21. cxd4 exd4 22. Bb3+ Kf8 23. Bf4 Re8+ 24. Kd2 Bb4+ 25. Kc2 Re2+ 26. Kd1 Rxf2 27. Bg3 Rd2+ 28. Kc1 Bd3 29. Rb2 Rxb2 30. Kxb2 Bc3+ 31. Kc1 Nh6 32. Be5 Rg8 33. Bd6+ Ke8 34. Nf6+ 1-0

[Event "Parnu Keres Memorial IM"]
[Site "Parnu"]
[Date "2021.08.02"]
[Round "3"]
[White "Timoshin, Andrei"]
[Black "Andrijashkin, Deniss"]
[Result "1/2-1/2"]
[WhiteElo "2147"]
[BlackElo "2069"]
[PlyCount "26"]
[EventDate "2021.08.01"]
[EventType "tourn"]
[EventRounds "9"]
[EventCountry "EST"]
[EventCategory "3"]
[SourceTitle "CBM 203 Extra"]
[Source "ChessBase"]
[SourceDate "2021.09.30"]
[SourceVersion "1"]
[SourceVersionDate "2021.09.30"]
[SourceQuality "1"]

1. e4 c5 2. Nf3 d6 3. d4 Nf6 4. Nc3 cxd4 5. Qxd4 a6 6. h3 Nc6 7. Qe3 e6 8. Be2 Qc7 9. 0-0 Be7 10. a3 b5 11. b3 Bb7 12. Bb2 0-0 13. Rad1 Rfd8 1/2-1/2

[Event "Viljandi Raud Memorial 55th"]
[Site "Viljandi"]
[Date "2021.07.05"]
[Round "3"]
[White "Shishkov, Andrei"]
[Black "Andrijashkin, Deniss"]
[Result "1-0"]
[WhiteElo "2405"]
[BlackElo "2073"]
[PlyCount "75"]
[EventDate "2021.07.04"]
[EventType "swiss"]
[EventRounds "9"]
[EventCountry "EST"]
[SourceTitle "CBM 203 Extra"]
[Source "ChessBase"]
[SourceDate "2021.09.30"]
[SourceVersion "1"]
[SourceVersionDate "2021.09.30"]
[SourceQuality "1"]

1. d4 Nf6 2. c4 g6 3. Nc3 Bg7 4. e4 d6 5. f3 0-0 6. Be3 Nc6 7. Qd2 a6 8. 0-0-0 Bd7 9. h4 e5 10. d5 Nd4 11. Nge2 Nxe2+ 12. Bxe2 Nh5 13. g4 Nf4 14. Bd3 Nxd3+ 15. Qxd3 f5 16. Rdg1 fxg4 17. fxg4 Rf3 18. Qe2 Qf6 19. h5 Bf8 20. Kb1 Qf7 21. a3 Be7 22. hxg6 hxg6 23. Qh2 Bf6 24. Bg5 Bg7 25. Qh7+ Kf8 26. Bh6 Bxh6 27. Qh8+ Qg8 28. Rxh6 Be8 29. Qxg8+ Kxg8 30. Rgh1 Rf7 31. Rh8+ Kg7 32. R1h7+ Kf6 33. g5+ Ke7 34. Rxf7+ Kxf7 35. Rh7+ Kf8 36. Rxc7 Rb8 37. b4 b6 38. Kc2 1-0

[Event "Wch FIDE Online U16 Europe qual"]
[Site "Tornelo INT"]
[Date "2020.12.08"]
[Round "4"]
[White "Ahmadzada, Ahmad Samir"]
[Black "Andrijashkin, Deniss"]
[Result "1-0"]
[WhiteElo "2256"]
[BlackElo "2007"]
[PlyCount "57"]
[EventDate "2020.12.07"]
[EventType "swiss (rapid)"]
[EventRounds "7"]
[EventCountry "ISS"]
[SourceTitle "EXT 2022"]
[Source "ChessBase"]
[SourceDate "2021.10.06"]
[SourceVersion "1"]
[SourceVersionDate "2021.10.06"]
[SourceQuality "1"]

1. d4 g6 2. Bf4 Bg7 3. Nf3 d6 4. e3 Nf6 5. Be2 0-0 6. h3 c5 7. 0-0 Nbd7 8. c3 a6 9. a4 b6 10. Bh2 Bb7 11. Nbd2 Rb8 12. Re1 b5 13. axb5 axb5 14. Bd3 Qb6 15. e4 Ra8 16. Qe2 Rxa1 17. Rxa1 c4 18. Bc2 Ra8 19. Rxa8+ Bxa8 20. b3 cxb3 21. Bxb3 Qa5 22. Bf4 Qxc3 23. Qxb5 Qc6 24. Qa5 Nxe4 25. Nxe4 Qxe4 26. Bxf7+ Kh8 27. Bg5 Qb1+ 28. Ne1 Be4 29. Bxe7 1-0

[Event "EU-ch Online U16"]
[Site "Tornelo INT"]
[Date "2020.09.19"]
[Round "6"]
[White "Andrijashkin, Deniss"]
[Black "Galkin, Gleb"]
[Result "0-1"]
[WhiteElo "1950"]
[BlackElo "1819"]
[PlyCount "198"]
[EventDate "2020.09.18"]
[EventType "swiss (rapid)"]
[EventRounds "9"]
[EventCountry "NET"]
[SourceTitle "EXT 2023"]
[Source "ChessBase"]
[SourceDate "2022.10.05"]
[SourceVersion "1"]
[SourceVersionDate "2022.10.05"]
[SourceQuality "1"]
[WhiteTeam "Estonia"]
[BlackTeam "Belarus"]
[WhiteTeamCountry "EST"]
[BlackTeamCountry "BLR"]

1. e4 e5 2. Nf3 Nc6 3. Bb5 a6 4. Ba4 Nf6 5. d3 d6 6. c3 g6 7. 0-0 Bg7 8. Re1 0-0 9. Nbd2 b5 10. Bc2 Bb7 11. Nf1 Nd7 12. Ng3 Ne7 13. d4 exd4 14. cxd4 c5 15. Be3 Nc6 16. Rc1 c4 17. Qd2 Re8 18. Bf4 Nf8 19. Bh6 Bh8 20. h3 Qa5 21. Qxa5 Nxa5 22. Be3 d5 23. e5 Ne6 24. Ng5 Nxg5 25. Bxg5 Nc6 26. Rcd1 Bg7 27. Be3 a5 28. f4 f5 29. Ne2 Ne7 30. Nc3 Bc6 31. g4 Reb8 32. gxf5 gxf5 33. Kf2 b4 34. Ne2 Bd7 35. Ng3 Kf7 36. Nh5 Bh8 37. Bd2 Ke6 38. Rg1 a4 39. Ng7+ Kf7 40. Nh5 b3 41. axb3 axb3 42. Bb1 Ra6 43. Ng3 Rh6 44. Rh1 Bg7 45. Ke3 Bf8 46. Ba5 Rg6 47. Kf3 Nc6 48. Bc3 Ne7 49. Nf1 Bh6 50. Ne3 Rbg8 51. Nf1 Nc6 52. Rd2 Nd8 53. Rd1 Rg2 54. Rd2 R2g6 55. Rd1 R6g7 56. Be1 Nc6 57. Ng3 Ne7 58. Bf2 Rg6 59. Nh5 Bg7 60. Rdg1 Be8 61. Ng3 Ke6 62. Be1 Bh6 63. Bb4 R6g7 64. Bxe7 Rxe7 65. Nxf5 Bh5+ 66. Ke3 Rxg1 67. Rxg1 Bf8 68. Nxe7 Bxe7 69. f5+ Kf7 70. f6 Bf8 71. Bxh7 Bh6+ 72. Kf2 Ke6 73. Bg8+ Kd7 74. e6+ Kd6 75. e7 c3 76. bxc3 b2 77. Rb1 Bc1 78. Bh7 Ke6 79. Bd3 Kxf6 80. Kg3 Kxe7 81. Kh4 Bf7 82. Kg4 Kf6 83. h4 Be6+ 84. Kg3 Bf7 85. Kf2 Bh5 86. Ke1 Bf3 87. Kf2 Bd1 88. Kg3 Kg7 89. Kf2 Kh6 90. Bf5 Bb3 91. Ke2 Kh5 92. Bd3 Kxh4 93. Bf5 Kg3 94. Bd3 Kf4 95. Bh7 Bc4+ 96. Bd3 Ba2 97. Kd1 Ke3 98. Bc2 Bc4 99. Rxc1 Be2+ 0-1

[Event "EU-ch Online U16"]
[Site "Tornelo INT"]
[Date "2020.09.19"]
[Round "5"]
[White "Andrijashkin, Deniss"]
[Black "Suleymanli, Aydin Elshan"]
[Result "0-1"]
[WhiteElo "1950"]
[BlackElo "2202"]
[PlyCount "112"]
[EventDate "2020.09.18"]
[EventType "swiss (rapid)"]
[EventRounds "9"]
[EventCountry "NET"]
[SourceTitle "EXT 2023"]
[Source "ChessBase"]
[SourceDate "2022.10.05"]
[SourceVersion "1"]
[SourceVersionDate "2022.10.05"]
[SourceQuality "1"]
[WhiteTeam "Estonia"]
[BlackTeam "Azerbaijan"]
[WhiteTeamCountry "EST"]
[BlackTeamCountry "AZE"]

1. e4 c6 2. Nf3 d5 3. Nc3 Bg4 4. h3 Bxf3 5. Qxf3 e6 6. Be2 g6 7. 0-0 Bg7 8. Rd1 Ne7 9. d4 0-0 10. Bf1 Nd7 11. exd5 cxd5 12. Ne2 Nf5 13. c3 Nd6 14. Ng3 f5 15. Bf4 Ne4 16. Nxe4 fxe4 17. Qe3 Rf7 18. Bh6 Bf6 19. Be2 Bh4 20. Rf1 Qe7 21. f3 Nf6 22. Bg5 Bxg5 23. Qxg5 Qd6 24. fxe4 Nxe4 25. Qe3 Raf8 26. Rxf7 Rxf7 27. Rf1 Rxf1+ 28. Bxf1 Kg7 29. Bd3 Nf6 30. Kf2 a6 31. Kf3 Nd7 32. Qf4 e5 33. dxe5 Nxe5+ 34. Ke2 Qe6 35. Kd2 Qe7 36. Qe3 Qd6 37. Qd4 Kf7 38. Be2 Nc6 39. Qf2+ Kg7 40. Bf3 d4 41. Bxc6 dxc3+ 42. Kxc3 Qxc6+ 43. Kd3 h5 44. Qd4+ Kh7 45. Qf2 Qd5+ 46. Kc2 Qxa2 47. g4 Qc4+ 48. Kb1 Qe4+ 49. Ka2 hxg4 50. Qh4+ Kg7 51. hxg4 Qf4 52. Qh3 Qc4+ 53. Kb1 Qe4+ 54. Ka2 Kf6 55. Qh4+ Ke6 56. Qh3 Kd5 0-1

[Event "Riga Summer op"]
[Site "Riga"]
[Date "2020.06.18"]
[Round "5.4"]
[White "Andrijashkin, Deniss"]
[Black "Sveshnikov, Vladimir"]
[Result "0-1"]
[WhiteElo "1850"]
[BlackElo "2424"]
[PlyCount "94"]
[EventDate "2020.06.15"]
[EventType "swiss"]
[EventRounds "9"]
[EventCountry "LAT"]
[SourceTitle "CBM 197 Extra"]
[Source "ChessBase"]
[SourceDate "2020.09.30"]
[SourceVersion "1"]
[SourceVersionDate "2020.09.30"]
[SourceQuality "1"]

1. e4 c6 2. Nf3 d5 3. Nc3 Nf6 4. e5 Ne4 5. Ne2 Qb6 6. d4 e6 7. Nfg1 f6 8. exf6 Nxf6 9. Nf3 Bd6 10. Ng3 0-0 11. Bd3 c5 12. c3 cxd4 13. cxd4 Nc6 14. 0-0 Bd7 15. Re1 Rae8 16. Bg5 e5 17. Bxf6 Rxf6 18. Bxh7+ Kxh7 19. Ng5+ Kg8 20. Qh5 Qxd4 21. Qh7+ Kf8 22. Qh8+ Ke7 23. Qxg7+ Kd8 24. Qxf6+ Be7 25. Ne6+ Bxe6 26. Qxe6 Bb4 27. Qf6+ Kc8 28. Nf5 Qxb2 29. Nd6+ Bxd6 30. Qxd6 Rd8 31. Qe6+ Kc7 32. Rac1 e4 33. h4 Qh8 34. Red1 Qh5 35. Rd2 Rd6 36. Qe7+ Rd7 37. Qf6 Rf7 38. Qe6 Rf5 39. Rc5 e3 40. Qxe3 Re5 41. Qf4 Kb6 42. Rc1 Re4 43. Rb2+ Ka6 44. Qd2 Nd4 45. Qd3+ b5 46. Qa3+ Kb7 47. Qe7+ Rxe7 0-1

[Event "Murmansk ChessMates 4th"]
[Site "Murmansk"]
[Date "2020.03.13"]
[Round "1.1"]
[White "Travadon, Loic"]
[Black "Andrijashkin, Deniss"]
[Result "1-0"]
[WhiteElo "2426"]
[BlackElo "1946"]
[PlyCount "95"]
[EventDate "2020.03.13"]
[EventType "team-tourn"]
[EventRounds "5"]
[EventCountry "RUS"]
[SourceTitle "CBM 195 Extra"]
[Source "ChessBase"]
[SourceDate "2020.05.31"]
[SourceVersion "1"]
[SourceVersionDate "2020.05.31"]
[SourceQuality "1"]
[WhiteTeam "Ile de France Youth"]
[BlackTeam "Estonia Maletaht"]
[WhiteTeamCountry "FRA"]
[BlackTeamCountry "EST"]

1. d4 Nf6 2. Nf3 g6 3. Nc3 Bg7 4. e4 d6 5. Be2 0-0 6. 0-0 Nc6 7. d5 Nb4 8. a3 Na6 9. Be3 c5 10. Nd2 Nc7 11. a4 e6 12. Nc4 exd5 13. exd5 Re8 14. Bf3 b6 15. Bf4 Bf8 16. h3 Ba6 17. b3 Qd7 18. g4 Bxc4 19. bxc4 Bg7 20. Ra3 Qe7 21. Nb5 Nxb5 22. axb5 Nd7 23. Kg2 Ne5 24. Ra4 Qf6 25. Bg3 Qxf3+ 26. Qxf3 Nxf3 27. Kxf3 Be5 28. Bh4 Bd4 29. Bg5 Kg7 30. Bd2 h6 31. Ra6 Re7 32. Bf4 Rd7 33. Re1 Rc8 34. h4 Bc3 35. Re2 Ba5 36. Bc1 Rb8 37. Bb2+ Kf8 38. Re3 Kg8 39. Bf6 Kf8 40. Ke2 Rc8 41. f4 Rb8 42. h5 Kg8 43. Kd3 Rc8 44. f5 g5 45. Re7 Rcd8 46. Rxa7 Rxa7 47. Rxa7 Re8 48. c3 1-0

[Event "EU-ch U14"]
[Site "Bratislava"]
[Date "2019.08.10"]
[Round "9"]
[White "Luczak, Filip"]
[Black "Andrijashkin, Deniss"]
[Result "1-0"]
[WhiteElo "2160"]
[BlackElo "1862"]
[PlyCount "139"]
[EventDate "2019.08.02"]
[EventType "swiss"]
[EventRounds "9"]
[EventCountry "SVK"]
[SourceTitle "EXT 2020"]
[Source "ChessBase"]
[SourceDate "2019.10.17"]
[SourceVersion "1"]
[SourceVersionDate "2019.10.17"]
[SourceQuality "1"]

1. e4 e5 2. Nf3 Nc6 3. Bb5 a6 4. Ba4 d6 5. c3 Nge7 6. d4 Bd7 7. 0-0 g6 8. dxe5 dxe5 9. Bg5 Bg7 10. Qd2 b5 11. Bb3 Na5 12. Bh6 Nxb3 13. axb3 Bf6 14. b4 Nc6 15. Na3 Be6 16. Qe3 Qe7 17. Rfd1 Rb8 18. Nc2 Ra8 19. Ra3 Rg8 20. Bg5 Bxg5 21. Nxg5 Bc8 22. Qg3 f6 23. Nf3 Qe6 24. Ne3 Ne7 25. Ne1 Bb7 26. Nd3 Kf7 27. Nc5 Qb6 28. Qh4 h5 29. Rd7 Rad8 30. Ra1 Rxd7 31. Nxd7 Qc6 32. Rd1 Bc8 33. Nc5 a5 34. f4 axb4 35. cxb4 exf4 36. Qxf4 Kg7 37. e5 Rf8 38. Rf1 Nf5 39. e6 Bxe6 40. Nxe6+ Qxe6 41. Nxf5+ gxf5 42. Qxc7+ Rf7 43. Qc5 Re7 44. Qxb5 Qe3+ 45. Kh1 Qe2 46. Qxf5 Qxb2 47. b5 Re2 48. Qd7+ Kg6 49. Qd3+ Kg7 50. Qg3+ Kh6 51. h3 Re6 52. Qf4+ Kg7 53. Qf5 Rb6 54. Rb1 Qe5 55. Qxe5 fxe5 56. g3 Kf6 57. Kg2 e4 58. Kf2 Ke5 59. Rb4 Kf5 60. Ke3 Rg6 61. b6 Rxg3+ 62. Kf2 Rg8 63. b7 Rb8 64. Ke3 Kg5 65. Kxe4 Kh4 66. Rb3 Kg5 67. Kd5 Kh4 68. Kc6 Rh8 69. Kc7 Rh7+ 70. Kb6 1-0